Clubes de Primera B Nacional - Estadísticas

Estadísticas generales
  • Esta prueba ha sido intentada 298 veces
  • La puntuación promedio es 27 de 37
Estadísticas de respuestas
Imagen Respuesta % Correcto
Belgrano de Córdoba
98%
Ferro Carril Oeste
97%
Quilmes
96%
Atlético de Rafaela
93%
Morón
93%
Instituto Atlético Central
92%
All Boys
91%
Riestra
87%
Agropecuario
86%
Defensores de Belgrano
86%
Chacarita Juniors
85%
Maipú
83%
Temperley
82%
Güemes
80%
Villa Dálmine
80%
Nueva Chicago
78%
San Telmo
77%
Sacachispas
76%
San Martín de San Juan
76%
Almagro
71%
Alvarado
70%
Gimnasia de Jujuy
70%
Flandria
67%
Estudiantes de Río Cuarto
66%
Estudiantes de Caseros
65%
Mitre
65%
San Martín de Tucumán
64%
Almirante Brown
62%
Atlanta
62%
Independiente de Rivadavia
62%
Madryn
61%
Chaco For Ever
60%
Gimnasia de Mendoza
59%
Tristán Súarez
56%
Santamarina
45%
Guillermo Brown
42%
Brown Adrogué
36%
No se encontraron pruebas coincidentes
Distribución de puntuación
Porcentaje de gente con cada puntuación
Porcentaje por número respondido
Historial de tus puntuaciones
No has intentado esta prueba.